000 00209nam a2200097Ia 4500
008 190216s9999||||xx |||||||||||||| ||und||
100 _aNull
245 0 _aKana
260 _bKerala Bhasha Institute
942 _cBK
999 _c39018
_d39018